地州盟内人口比所在地级行政区驻地人口多的县级行政区 - Statistics

General Stats
  • This quiz has been taken 10 times
  • The average score is 14 of 21
Answer Stats
省级行政区 地级行政区 县级行政区 % Correct
四川省 阿坝藏族羌族自治州 茂县
100%
四川省 阿坝藏族羌族自治州 汶川县
90%
青海省 海北藏族自治州 门源回族自治县
90%
青海省 海西蒙古族藏族自治州 格尔木市
90%
四川省 阿坝藏族羌族自治州 九寨沟县
80%
新疆维吾尔自治区 喀什地区 莎车县
80%
四川省 阿坝藏族羌族自治州 小金县
70%
甘肃省 甘南藏族自治州 舟曲县
70%
青海省 海北藏族自治州 祁连县
70%
新疆维吾尔自治区 和田地区 墨玉县
70%
新疆维吾尔自治区 塔城地区 乌苏市
70%
新疆维吾尔自治区 塔城地区 沙湾市
70%
四川省 阿坝藏族羌族自治州 松潘县
60%
湖南省 湘西土家族苗族自治州 龙山县
50%
四川省 阿坝藏族羌族自治州 阿坝县
50%
四川省 阿坝藏族羌族自治州 若尔盖县
50%
湖南省 湘西土家族苗族自治州 永顺县
40%
云南省 文山壮族苗族自治州 广南县
40%
甘肃省 甘南藏族自治州 临潭县
40%
新疆维吾尔自治区 塔城地区 额敏县
40%
青海省 海北藏族自治州 刚察县
30%
No matching quizzes found
Score Distribution
Percent of People with Each Score
Percentile by Number Answered
Your Score History
You have not taken this quiz